000 00903pam a2200241 a 4500
999 _c332068
_d332068
001 3506297
003 NUST
005 20171109094427.0
008 950605s1997 enkab b 001 0 eng
010 _a 95030426
020 _a0077091272 (pbk. : alk. paper)
040 _aDLC
_cDLC
_dDLC
050 0 0 _aTD146
_b.K54 1997
082 0 0 _a628 KIE
_220
100 1 _aKiely, Gerard.
_96215
245 1 0 _aEnvironmental engineering /
_cGerard Kiely.
260 _aLondon ;
_aNew York :
_bMcGraw-Hill,
_cc1997.
300 _axx, 979 p. :
_bill., map ;
_c24 cm.
500 _aP.B
504 _aIncludes bibliographical references and index.
650 0 _aEnvironmental engineering.
_91550
906 _a7
_bcbc
_corignew
_d1
_eocip
_f19
_gy-gencatlg
942 _2ddc
_cBK
_kIESE